| 000 | 00894ntm a22002297a 4500 | ||
|---|---|---|---|
| 005 | 20170813161039.0 | ||
| 008 | 170802s2010 xx a frb 000 0 eng d | ||
| 040 |
_aEG-ScBUE _beng _cEG-ScBUE |
||
| 082 | 0 | 4 |
_222 _a650 _bKAM |
| 100 | 1 | _aSherif, Hani Kamel. | |
| 245 | 1 | 0 |
_aEffect of national culture and organisational culture on employee satisfaction in multinational organisations in Egypt : _bCases from the Egyptian hotel sector / _cSherif Hany Kamel. |
| 260 | _c2010. | ||
| 300 |
_a74 p. : _bill. (col.) ; _c28 cm. |
||
| 500 | _aA dissertation submitted in part fulfillment of the requirements for the award of B.A in business administration, human resources specialisation | ||
| 590 | _arahma khaled | ||
| 650 | 7 |
_2BUEsh _aBusiness Administration _vProjects |
|
| 653 |
_bBUSADM _cAugust2017 |
||
| 655 | _vSPRO | ||
| 700 | 1 |
_aFakhr eldin, Hadia. _eths |
|
| 777 | _ASPRO | ||
| 942 | _2ddc | ||
| 999 |
_c25305 _d25277 |
||